000 00574nam a2200229Ia 4500
005 20250425162342.0
008 250425s9999 xx 000 0 und d
020 _a9684444192
041 _aspa
082 _a005.74
100 _aDATE, C.J.
245 0 _aINTRODUCCION A LOS SISTEMAS DE BASES DE DATOS
250 _a7A ED.
260 _aMEXICO
260 _aMéxico
_bPEARSON EDUCACION
_c2001
300 _a936
650 _aBASE DE DATOS-DISEÑO
650 _aGESTION DE BASE DE DATOS
650 _aSISTEMA DE BASE DE DATOS
942 _c01
010 _a64774
999 _c227488
_d227488